Ganadores del Trofeo Puskás - Estadísticas

Estadísticas generales
  • Esta prueba ha sido intentada 83 veces
  • La puntuación promedio es 4 de 14
Estadísticas de respuestas
Año Ganador % Correcto
2009 Cristiano Ronaldo
99%
2011 Neymar Jr.
71%
2013 Zlatan Ibrahimović
63%
2020 Heung-Min Son
32%
2014 James Rodríguez
32%
2021 Eric Lamela
24%
2015 Wendell Lira
13%
2016 Mohd Faiz Subri
6%
2019 Daniel Zsori
4%
2010 Hamit Altintop
4%
2022 Marcin Oleksy
4%
2012 Miroslav Stoch
3%
2017 Gonzalo Martínez
0%
2018 Lucas Pratto
0%
No se encontraron pruebas coincidentes
Distribución de puntuación
Porcentaje de gente con cada puntuación
Porcentaje por número respondido
Historial de tus puntuaciones
No has intentado esta prueba.